The instant manager / (Record no. 131950)
[ view plain ]
| 000 -LEADER | |
|---|---|
| fixed length control field | 00692nam a22002417a 4500 |
| 005 - DATE AND TIME OF LATEST TRANSACTION | |
| control field | 20170124110145.0 |
| 010 ## - LIBRARY OF CONGRESS CONTROL NUMBER | |
| LC control number | B-063971 |
| 020 ## - INTERNATIONAL STANDARD BOOK NUMBER | |
| Terms of availability | 150.00 |
| International Standard Book Number | 9780773761544 |
| 035 ## - SYSTEM CONTROL NUMBER | |
| System control number | B-063971 |
| 037 ## - SOURCE OF ACQUISITION | |
| Source of stock number/acquisition | Cen Lib/Ret |
| 040 ## - CATALOGING SOURCE | |
| Original cataloging agency | DPL |
| Language of cataloging | EN |
| 082 ## - DEWEY DECIMAL CLASSIFICATION NUMBER | |
| Classification number | 658.4 |
| Item number | CHA |
| 100 ## - MAIN ENTRY--PERSONAL NAME | |
| Personal name | Charney, Cy |
| 9 (RLIN) | 33297 |
| 245 ## - TITLE STATEMENT | |
| Title | The instant manager / |
| Statement of responsibility, etc | by Cy Charney |
| 250 ## - EDITION STATEMENT | |
| Edition statement | rev. ed. |
| 260 ## - PUBLICATION, DISTRIBUTION, ETC. (IMPRINT) | |
| Place of publication, distribution, etc | New Delhi |
| Date of publication, distribution, etc | 2001 |
| Name of publisher, distributor, etc | Rupa and Company |
| 270 ## - ADDRESS | |
| City | New Delhi |
| Address | 7/16, Ansari Road |
| Postal code | 110002 |
| 300 ## - PHYSICAL DESCRIPTION | |
| Extent | 259p. |
| Dimensions | 20cm(pbk) |
| 500 ## - GENERAL NOTE | |
| General note | Includes index |
| 650 ## - SUBJECT ADDED ENTRY--TOPICAL TERM | |
| Topical term or geographic name as entry element | Personnel management |
| General subdivision | |
| 9 (RLIN) | 33298 |
| 650 ## - SUBJECT ADDED ENTRY--TOPICAL TERM | |
| Topical term or geographic name as entry element | Organizational behavior |
| 9 (RLIN) | 12147 |
| 942 ## - ADDED ENTRY ELEMENTS (KOHA) | |
| Source of classification or shelving scheme | Dewey Decimal Classification |
| Koha item type | English Books |
| Classification part | 658.4 |
| Call number suffix | CHA |
| Withdrawn status | Lost status | Damaged status | Not for loan | Home library | Current library | Date acquired | Source of acquisition | Cost, normal purchase price | Total Checkouts | Total Renewals | Full call number | Barcode | Date last seen | Date checked out | Copy number | Cost, replacement price | Price effective from | Koha item type |
|---|---|---|---|---|---|---|---|---|---|---|---|---|---|---|---|---|---|---|
| Central Library | Central Library | 16/07/2015 | Cen Lib/Ret | 150.00 | 12 | 13 | 658.4 CHA | B-063971 | 05/09/2024 | 18/05/2024 | 1 | 150.00 | 16/07/2015 | English Books |
